Castellano básico: la descripción

Gespeichert in:
Bibliographische Detailangaben
1. Verfasser: Sandoval de Fonseca, Virginia et al
Format: Buch
Sprache:Undetermined
Veröffentlicht: San José, Costa Rica UNED 1978
Schlagworte:
Tags: Tag hinzufügen
Keine Tags, Fügen Sie den ersten Tag hinzu!

MARC

LEADER 00000nam a2200000Ia 4500
008 170316s9999 xx 000 0 und d
090 |a 415-E S-3cd 
100 |a Sandoval de Fonseca, Virginia et al. 
245 |a Castellano básico: la descripción 
260 |a San José, Costa Rica 
260 |b UNED 
260 |c 1978 
300 |a 112 páginas 
650 |a GRAMÁTICA ESPAÑOLA 
999 |c 19092  |d 19092 
040 |a cru BVZT 
942 |c 15 D  |h 415-E S-3cd  |2 z